000 00267nam a2200109Ia 4500
008 200302s9999 xx 000 0 und d
100 _aMantra Virtual
245 _aAn Autobiography Jawaharlal Nehru
260 _bPenguin Group Ltd.
260 _c2004
300 _a655 P.,
999 _c5884
_d5884